[Event "Indore op 2nd"]
[Site "Indore"]
[Date "2024.01.10"]
[Round "3"]
[White "Viani, Antonio Dcunha"]
[Black "Bajaj, Prakhar"]
[Result "1/2-1/2"]
[WhiteElo "2407"]
[BlackElo "2255"]
[PlyCount "98"]
[EventDate "2024.01.09"]
[EventType "swiss"]
[EventRounds "10"]
[EventCountry "IND"]
[SourceTitle "CB03_2024"]
[SourceDate "2024.01.17"]
[SourceVersion "1"]
[SourceVersionDate "2024.01.17"]
[SourceQuality "1"]

1. d4 Nf6 2. c4 e6 3. Nc3 Bb4 4. Qc2 0-0 5. a3 Bxc3+ 6. Qxc3 b6 7. Nf3 d5 8. Bg5 dxc4 9. Qxc4 Bb7 10. Rc1 c5 11. dxc5 bxc5 12. Qxc5 Nbd7 13. Qc7 Rb8 14. Qxd8 Rfxd8 15. b4 Rdc8 16. g3 Ne4 17. Rxc8+ Rxc8 18. Be3 Rc3 19. Bg2 Rxa3 20. 0-0 Nc3 21. Re1 h6 22. Bd4 Nb5 23. Ra1 Rb3 24. Bxa7 Nxa7 25. Rxa7 Rb1+ 26. Bf1 Rxb4 27. Ra1 Kf8 28. Bg2 Ke7 29. Rd1 Bxf3 30. Bxf3 Ne5 31. h3 Nxf3+ 32. exf3 f5 33. f4 Kf6 34. h4 g5 35. fxg5+ hxg5 36. hxg5+ Kxg5 37. Re1 Kf6 38. Kg2 Rb2 39. Ra1 e5 40. Ra6+ Kg5 41. Ra8 e4 42. Rg8+ Kf6 43. Rf8+ Kg6 44. Re8 Kf7 45. Re5 Kf6 46. Re8 Ra2 47. g4 fxg4 48. Rxe4 Kg5 49. Rb4 Kf5 1/2-1/2

[Event "Qatar Masters op"]
[Site "Doha"]
[Date "2023.10.13"]
[Round "3"]
[White "Pranav, V."]
[Black "Viani, Antonio Dcunha"]
[Result "1-0"]
[WhiteElo "2579"]
[BlackElo "2410"]
[PlyCount "157"]
[EventDate "2023.10.11"]
[EventType "swiss"]
[EventRounds "9"]
[EventCountry "QAT"]
[SourceTitle "Mega2024 Update 01"]
[Source "Chessbase"]
[SourceDate "2023.11.12"]
[SourceVersion "1"]
[SourceVersionDate "2023.11.12"]
[SourceQuality "1"]

1. e4 c5 2. Nf3 d6 3. d4 cxd4 4. Nxd4 Nf6 5. Nc3 g6 6. Be3 Bg7 7. f3 Nc6 8. Qd2 0-0 9. 0-0-0 d5 10. exd5 Nxd5 11. Nxc6 bxc6 12. Bd4 Bxd4 13. Qxd4 Qb6 14. Na4 Qa5 15. b3 Qc7 16. Bc4 Rd8 17. g3 Bf5 18. Qc5 Qe5 19. c3 Qf6 20. Rhe1 Be6 21. Bxd5 cxd5 22. f4 g5 23. fxg5 Qxg5+ 24. Kb2 Bg4 25. h4 Qf6 26. Rxd5 Rxd5 27. Qxd5 Qf2+ 28. Ka3 Qxe1 29. Qxa8+ Kg7 30. Qd8 h5 31. Kb4 e5 32. Nc5 a5+ 33. Qxa5 e4 34. Qd8 e3 35. Qg5+ Kf8 36. Qh6+ Ke8 37. Qc6+ Kf8 38. Qd6+ Kg8 39. Qb8+ Kg7 40. Qe5+ Kf8 41. Nd3 Qd2 42. Qc5+ Ke8 43. Qc6+ Ke7 44. Qc7+ Ke8 45. Qc6+ Ke7 46. Qd5 Ke8 47. Qb5+ Kf8 48. a4 e2 49. a5 e1Q 50. Nxe1 Qxe1 51. a6 Bf3 52. Qb8+ Ke7 53. Qc7+ Kf8 54. a7 Qe4+ 55. c4 Kg7 56. Ka5 Qe1+ 57. b4 Qa1+ 58. Kb5 Qd4 59. Qe7 Qa1 60. Qe3 Qd1 61. Qe5+ Kh7 62. Qe8 Qh1 63. Qxf7+ Kh6 64. Kb6 Ba8 65. Qe6+ Kg7 66. Qd7+ Kh6 67. c5 Qg2 68. b5 Qf3 69. Qe7 Kg6 70. c6 Qf2+ 71. Qc5 Qf3 72. Qd6+ Kh7 73. Kc7 Qf2 74. b6 Qe3 75. Qd7+ Kh6 76. Kb8 Qxb6+ 77. Kxa8 Qb5 78. Qe6+ Kg7 79. c7 1-0

[Event "Abu Dhabi op 29th"]
[Site "Abu Dhabi"]
[Date "2023.08.24"]
[Round "9"]
[White "Ebrahimi Herab, Hamidreza"]
[Black "Viani, Antonio Dcunha"]
[Result "0-1"]
[WhiteElo "2302"]
[BlackElo "2415"]
[PlyCount "92"]
[EventDate "2023.08.16"]
[EventType "swiss"]
[EventRounds "9"]
[EventCountry "UAE"]
[SourceTitle "EXT 2024"]
[Source "ChessBase"]
[SourceDate "2023.10.10"]
[SourceVersion "1"]
[SourceVersionDate "2023.10.10"]
[SourceQuality "1"]

1. d4 Nf6 2. c4 g6 3. Nc3 Bg7 4. e4 d6 5. Be2 0-0 6. Bg5 Na6 7. f4 c6 8. Nf3 Nc7 9. Qd2 d5 10. Bxf6 exf6 11. e5 dxc4 12. Bxc4 Bg4 13. 0-0-0 b5 14. Be2 b4 15. Ne4 Qd5 16. exf6 Bh8 17. Nfg5 Bf5 18. Qc2 Rae8 19. Bf3 Ne6 20. Rhe1 Nxd4 21. Qc5 Qxc5+ 22. Nxc5 Rxe1 23. Rxe1 Nxf3 24. Nxf3 Bxf6 25. Na6 c5 26. Ne5 Rc8 27. h3 Bxe5 28. Rxe5 Bd3 29. Nxc5 f6 30. Kd2 fxe5 31. Nxd3 exf4 32. Nxb4 Kf7 33. Nd3 g5 34. Ne5+ Ke6 35. Nf3 Kf5 36. Nd4+ Ke4 37. Ne6 h6 38. b4 f3 39. Nc5+ Kf4 40. Nd3+ Kg3 41. gxf3 Kxf3 42. Ne5+ Kg3 43. Nf7 Kxh3 44. Nxh6 Rf8 45. Kd3 Kh4 46. Ke4 Rf4+ 0-1

[Event "Bengaluru Karnataka op"]
[Site "Bengaluru"]
[Date "2023.05.27"]
[Round "4"]
[White "Viani, Antonio Dcunha"]
[Black "Sujay, BM."]
[Result "0-1"]
[WhiteElo "2417"]
[BlackElo "1571"]
[PlyCount "25"]
[EventDate "2023.05.26"]
[EventType "swiss"]
[EventRounds "9"]
[EventCountry "IND"]
[SourceTitle "CBM 214 Extra"]
[Source "ChessBase"]
[SourceDate "2023.07.31"]
[SourceVersion "1"]
[SourceVersionDate "2023.07.31"]
[SourceQuality "1"]

1. e4 c5 2. Nf3 g6 3. d4 cxd4 4. Nxd4 Nf6 5. Nc3 d6 6. Be3 Bg7 7. f3 Nc6 8. Bc4 0-0 9. Qd2 Bd7 10. 0-0-0 Ne5 11. Bb3 Rc8 12. Kb1 a5 13. a4 0-1

[Event "Bengaluru Karnataka op"]
[Site "Bengaluru"]
[Date "2023.05.26"]
[Round "2"]
[White "Viani, Antonio Dcunha"]
[Black "Akanksh, UD."]
[Result "1-0"]
[WhiteElo "2417"]
[BlackElo "1228"]
[PlyCount "65"]
[EventDate "2023.05.26"]
[EventType "swiss"]
[EventRounds "9"]
[EventCountry "IND"]
[SourceTitle "CBM 214 Extra"]
[Source "ChessBase"]
[SourceDate "2023.07.31"]
[SourceVersion "1"]
[SourceVersionDate "2023.07.31"]
[SourceQuality "1"]

1. e4 c6 2. Nc3 d5 3. Nf3 dxe4 4. Nxe4 Bf5 5. Ng3 Bg6 6. h4 h6 7. Ne5 Bh7 8. Qh5 g6 9. Bc4 e6 10. Qe2 Qe7 11. d4 Nd7 12. Nxd7 Qxd7 13. Qe5 f6 14. Qxe6+ Qxe6+ 15. Bxe6 f5 16. Bf4 Bg7 17. 0-0-0 Ne7 18. Rhe1 Bg8 19. h5 Bxe6 20. Rxe6 Kf7 21. Rde1 Rhe8 22. Bd6 Bf6 23. Bxe7 Rxe7 24. hxg6+ Kf8 25. Rxf6+ Ke8 26. Re5 Rxe5 27. dxe5 Kd7 28. Nxf5 Rh8 29. g7 Rg8 30. e6+ Ke8 31. Rf7 h5 32. Nd6+ Kd8 33. Rd7# 1-0

[Event "Indore op 1st"]
[Site "Indore"]
[Date "2023.04.04"]
[Round "5"]
[White "Viani, Antonio Dcunha"]
[Black "Krasenkow, Michal"]
[Result "1-0"]
[WhiteElo "2385"]
[BlackElo "2527"]
[PlyCount "77"]
[EventDate "2023.04.01"]
[EventType "swiss"]
[EventRounds "10"]
[EventCountry "IND"]
[SourceTitle "CBM 213 Extra"]
[Source "ChessBase"]
[SourceDate "2023.05.31"]
[SourceVersion "1"]
[SourceVersionDate "2023.05.31"]
[SourceQuality "1"]

1. d4 g6 2. e4 Bg7 3. Nc3 c6 4. f4 d5 5. e5 Nh6 6. Nf3 Bg4 7. Be2 f6 8. Be3 Nf5 9. Bf2 Nd7 10. 0-0 0-0 11. b4 e6 12. Rb1 Bxf3 13. Bxf3 fxe5 14. fxe5 Bh6 15. Qe1 Bg5 16. Na4 Nb6 17. Nc5 Qe7 18. b5 Rf7 19. bxc6 bxc6 20. Qc3 Nc4 21. Rb7 Qe8 22. Rfb1 Nd2 23. R1b4 Rxb7 24. Rxb7 Rb8 25. Qb4 Nxf3+ 26. gxf3 Rxb7 27. Qxb7 a5 28. Qc7 Bd8 29. Qc8 Kf7 30. Nxe6 Qxe6 31. Qxd8 a4 32. Qc7+ Kg8 33. Qa7 Qe7 34. Qa8+ Kg7 35. Qxc6 Qg5+ 36. Kf1 Qc1+ 37. Ke2 a3 38. Qd7+ Kh6 39. Qxf5 1-0

[Event "Rochefort op 21st"]
[Site "Rochefort"]
[Date "2023.02.15"]
[Round "7"]
[White "Viani, Antonio Dcunha"]
[Black "Nikolov, Momchil"]
[Result "1/2-1/2"]
[WhiteElo "2377"]
[BlackElo "2480"]
[PlyCount "69"]
[EventDate "2023.02.11"]
[EventType "swiss"]
[EventRounds "9"]
[EventCountry "FRA"]
[SourceTitle "CBM 212 Extra"]
[Source "ChessBase"]
[SourceDate "2023.03.31"]
[SourceVersion "1"]
[SourceVersionDate "2023.03.31"]
[SourceQuality "1"]

1. e4 c5 2. Nf3 d6 3. d4 cxd4 4. Nxd4 Nf6 5. Nc3 a6 6. Be3 e5 7. Nb3 Be6 8. f3 h5 9. Qd2 Nbd7 10. Nd5 Bxd5 11. exd5 g6 12. Na5 Qc7 13. Be2 Bg7 14. 0-0 e4 15. c4 exf3 16. gxf3 0-0 17. b4 Rfe8 18. Rac1 Rxe3 19. Qxe3 Re8 20. Qf2 Bh6 21. f4 Ne4 22. Qe3 Nef6 23. Qf2 Ne4 24. Qe3 Nef6 25. Qf2 Ne4 26. Qe3 Ndf6 27. Kg2 Ng3 28. Qxg3 Rxe2+ 29. Kh1 Qe7 30. Qf3 Ng4 31. Qg3 Nf6 32. Rce1 Qe4+ 33. Kg1 Qd4+ 34. Kh1 Bxf4 35. Qxf4 1/2-1/2

[Event "Asian Continental op 19th"]
[Site "Delhi"]
[Date "2022.11.02"]
[Round "8"]
[White "Sankalp, Gupta"]
[Black "Viani, Antonio Dcunha"]
[Result "1/2-1/2"]
[WhiteElo "2502"]
[BlackElo "2342"]
[PlyCount "139"]
[EventDate "2022.10.26"]
[EventType "swiss"]
[EventRounds "9"]
[EventCountry "IND"]
[SourceTitle "EXT 2024"]
[Source "ChessBase"]
[SourceDate "2023.10.10"]
[SourceVersion "1"]
[SourceVersionDate "2023.10.10"]
[SourceQuality "1"]

1. e4 c5 2. Nf3 d6 3. d4 cxd4 4. Nxd4 Nf6 5. Nc3 g6 6. Be3 Bg7 7. f3 0-0 8. Qd2 Nc6 9. 0-0-0 d5 10. exd5 Nxd5 11. Nxc6 bxc6 12. Bd4 Bxd4 13. Qxd4 Qb6 14. Qe5 Be6 15. Na4 Qa5 16. b3 Qb4 17. c4 Qa3+ 18. Qb2 Qxb2+ 19. Kxb2 Nc7 20. g3 Na6 21. Bg2 f6 22. Rhe1 Kf7 23. f4 Rac8 24. Kc3 Rc7 25. c5 Nb8 26. Rd2 Rg8 27. Bf3 h5 28. Nb2 Rh8 29. h4 Bg4 30. Bxg4 hxg4 31. Nc4 Nd7 32. b4 Rh5 33. a3 Nf8 34. Ne3 a5 35. Nxg4 axb4+ 36. axb4 Ra7 37. Kb3 Ne6 38. Ne3 Rb7 39. Kc4 Rh8 40. Nc2 Ra8 41. Ra1 Rxa1 42. Nxa1 Nc7 43. Nc2 Nd5 44. Rd3 e6 45. Ra3 e5 46. fxe5 fxe5 47. Ra6 Ne7 48. Na1 Ke6 49. Nb3 Kf5 50. Na5 Rc7 51. b5 cxb5+ 52. Kxb5 Kg4 53. Nc4 e4 54. Re6 Kxg3 55. Rxe4 Nf5 56. Nd6 Nxh4 57. Kb6 Rh7 58. Re6 Kf4 59. c6 Nf5 60. c7 Nxd6 61. Rxd6 Rxc7 62. Kxc7 g5 63. Rd4+ Kf3 64. Kd6 g4 65. Ke5 g3 66. Rd3+ Kf2 67. Kf4 g2 68. Rd2+ Kg1 69. Kg3 Kh1 70. Rxg2 1/2-1/2

[Event "Asian Continental op 19th"]
[Site "Delhi"]
[Date "2022.10.30"]
[Round "5"]
[White "Viani, Antonio Dcunha"]
[Black "Puranik, Abhimanyu Sameer"]
[Result "1/2-1/2"]
[WhiteElo "2342"]
[BlackElo "2603"]
[PlyCount "106"]
[EventDate "2022.10.26"]
[EventType "swiss"]
[EventRounds "9"]
[EventCountry "IND"]
[SourceTitle "EXT 2024"]
[Source "ChessBase"]
[SourceDate "2023.10.10"]
[SourceVersion "1"]
[SourceVersionDate "2023.10.10"]
[SourceQuality "1"]

1. e4 c5 2. Nf3 e6 3. d4 cxd4 4. Nxd4 Nc6 5. Nc3 a6 6. Be3 Nf6 7. Nxc6 bxc6 8. e5 Nd5 9. Nxd5 cxd5 10. Bd3 Qc7 11. Bd4 Bc5 12. Qg4 0-0 13. 0-0 Rb8 14. b3 a5 15. c4 dxc4 16. Rac1 Bxd4 17. Qxd4 Bb7 18. Rxc4 Qd8 19. Rd1 Bd5 20. Ra4 Qg5 21. Be4 Rb5 22. f4 Qh5 23. Qd3 Bc6 24. Rd4 g6 25. h3 Rc5 26. Kh2 Kg7 27. Rd2 Qh6 28. Qf3 Rc8 29. Bxc6 dxc6 30. Rd6 Qh4 31. Qg3 Qxg3+ 32. Kxg3 g5 33. fxg5 Rxe5 34. h4 Rd5 35. Rd7 a4 36. bxa4 Ra8 37. Rd4 Raa5 38. Kh3 Rac5 39. g3 Rc2 40. R4xd5 cxd5 41. a5 Rxa2 42. Ra7 d4 43. Rd7 e5 44. Rd5 f6 45. Kg4 Kf7 46. Rd6 fxg5 47. hxg5 Ke7 48. Rh6 e4 49. Rxh7+ Kf8 50. Rd7 e3 51. Rd8+ Kf7 52. Rd7+ Kf8 53. Rd8+ Kf7 1/2-1/2

[Event "Asian Continental op 19th"]
[Site "Delhi"]
[Date "2022.10.28"]
[Round "3"]
[White "Viani, Antonio Dcunha"]
[Black "Karthik, Venkataraman"]
[Result "1/2-1/2"]
[WhiteElo "2342"]
[BlackElo "2486"]
[PlyCount "116"]
[EventDate "2022.10.26"]
[EventType "swiss"]
[EventRounds "9"]
[EventCountry "IND"]
[SourceTitle "EXT 2024"]
[Source "ChessBase"]
[SourceDate "2023.10.10"]
[SourceVersion "1"]
[SourceVersionDate "2023.10.10"]
[SourceQuality "1"]

1. e4 c5 2. Nf3 e6 3. d4 cxd4 4. Nxd4 Nc6 5. Nc3 Qc7 6. Be3 a6 7. Qf3 Bd6 8. Nxc6 bxc6 9. 0-0-0 Be5 10. Bd4 Bxd4 11. Rxd4 Rb8 12. Qg3 Qxg3 13. hxg3 d5 14. Ra4 Ra8 15. exd5 cxd5 16. Rhh4 Ne7 17. Ra3 h5 18. Rha4 a5 19. Nb5 Kd7 20. Rxa5 Rxa5 21. Rxa5 Nc6 22. Ra4 Bb7 23. c4 dxc4 24. Rxc4 Ra8 25. a4 g5 26. b3 f5 27. Kb2 g4 28. Rc2 Rh8 29. b4 Ba8 30. Ka3 h4 31. gxh4 Rxh4 32. Rd2+ Ke7 33. Nc7 Bb7 34. b5 Ne5 35. a5 Rh1 36. a6 Be4 37. Rd1 g3 38. fxg3 Nc4+ 39. Bxc4 Rxd1 40. b6 Rd6 41. Bd5 exd5 42. b7 Rb6 43. a7 Rxb7 44. a8Q Rxc7 45. Qh8 Rc2 46. g4 fxg4 47. Qe5+ Kf7 48. Qf4+ Ke7 49. g3 Rc3+ 50. Kb2 Rc2+ 51. Ka3 Rc3+ 52. Kb2 Rc2+ 53. Ka1 Rg2 54. Qe5+ Kd7 55. Qg7+ Kd6 56. Qf6+ Kc5 57. Qc3+ Kb5 58. Qc5+ Kxc5 1/2-1/2

[Event "Raipur Chhattisgarh"]
[Site "Raipur"]
[Date "2022.09.27"]
[Round "9"]
[White "Viani, Antonio Dcunha"]
[Black "Pawar, Harshit"]
[Result "1-0"]
[WhiteElo "2348"]
[BlackElo "2111"]
[PlyCount "57"]
[EventDate "2022.09.19"]
[EventType "swiss"]
[EventRounds "10"]
[EventCountry "IND"]
[SourceTitle "CBM 210 Extra"]
[Source "ChessBase"]
[SourceDate "2022.11.30"]
[SourceVersion "1"]
[SourceVersionDate "2022.11.30"]
[SourceQuality "1"]

1. e4 d6 2. d4 Nf6 3. Nc3 g6 4. f3 Bg7 5. Be3 c6 6. Qd2 h5 7. 0-0-0 d5 8. h3 b5 9. e5 Ng8 10. g3 e6 11. g4 Nd7 12. Bg5 Qa5 13. Kb1 b4 14. Nce2 c5 15. gxh5 Rxh5 16. h4 Nb6 17. Ng3 Na4 18. N1e2 Rb8 19. b3 Nc3+ 20. Nxc3 bxc3 21. Qe1 Rh8 22. dxc5 Ne7 23. f4 Bb7 24. Rh3 d4 25. Rxd4 Nd5 26. Ne4 Bf8 27. Nf6+ Nxf6 28. Qxc3 Qxc3 29. Bb5+ 1-0

[Event "Raipur Chhattisgarh"]
[Site "Raipur"]
[Date "2022.09.22"]
[Round "4"]
[White "Mitrabha, Guha"]
[Black "Viani, Antonio Dcunha"]
[Result "1-0"]
[WhiteElo "2471"]
[BlackElo "2348"]
[PlyCount "138"]
[EventDate "2022.09.19"]
[EventType "swiss"]
[EventRounds "10"]
[EventCountry "IND"]
[SourceTitle "CBM 210 Extra"]
[Source "ChessBase"]
[SourceDate "2022.11.30"]
[SourceVersion "1"]
[SourceVersionDate "2022.11.30"]
[SourceQuality "1"]

1. c4 c6 2. g3 d5 3. Nf3 g6 4. Qa4 d4 5. d3 Bg7 6. b4 e5 7. Bg2 Ne7 8. Nbd2 0-0 9. Rb1 b6 10. b5 Bb7 11. bxc6 Bxc6 12. Qb3 Nd7 13. Ba3 Rc8 14. 0-0 h6 15. Rfc1 Kh7 16. Bb4 f5 17. Qa3 Re8 18. Nb3 a5 19. Bxe7 Qxe7 20. Qxe7 Rxe7 21. Ne1 Bf8 22. Bxc6 Rxc6 23. Nc2 Re8 24. Kf1 Nc5 25. Nxc5 Bxc5 26. Na1 Ba3 27. Rd1 Bb4 28. Nc2 Bc5 29. Rb5 g5 30. Na1 Kg6 31. Nb3 Bb4 32. Ra1 Ree6 33. h3 h5 34. Kg2 Rcd6 35. Rd1 Bc3 36. a4 Rc6 37. Rb1 Kf6 38. Rd1 Rcd6 39. Nd2 e4 40. g4 hxg4 41. hxg4 Re5 42. Rxe5 Kxe5 43. c5 Rd8 44. Nc4+ Kd5 45. cxb6 f4 46. f3 exd3 47. exd3 Re8 48. Rb1 Bb4 49. Rb2 Kc6 50. Kf2 Rh8 51. Kg1 Re8 52. Rh2 Re1+ 53. Kf2 Re6 54. Rh7 Be1+ 55. Kg1 Bg3 56. Rc7+ Kd5 57. Nd2 Rxb6 58. Ra7 Be1 59. Ne4 Rb1 60. Kg2 Rd1 61. Rd7+ Ke5 62. Rf7 Bb4 63. Rf5+ Ke6 64. Nxg5+ Ke7 65. Ne4 Rxd3 66. g5 Rb3 67. g6 Bc3 68. Rf7+ Ke6 69. Nc5+ Kd5 1-0